000 00495nam a22001817a 4500
999 _c257624
_d257623
003 OSt
005 20200616134812.0
008 190618b xxu||||| |||| 00| 0 eng d
010 _a2005004403
020 _a0536558493
040 _cN\A
100 _aNadell, Judith.
245 _aThe Longman writer : rhetoric, reader, handbook
250 _a6th edn.
260 _aNew York c2006.
_b: Pearson/Longman,
_cc2006
300 _axxiv, 744 p.
_b: ill. (some col.)
_c ; 24 cm.
942 _2lcc
_cBK